"Bezcennosť" akcií nie je vyvolaná iba trhom rozpoznať prvé príznaky nulovej hodnoty je pomerne jenoduché

Korene vzniku slovenského špecifika "bezcenné cenné papiere" a história slovenského kapitálového trhu. Vznik bezcenných akcií a ich rozpoznanie. Obchodný register. Zoznam akcií s predpokladom určitej hodnoty.

Na minha lista:
Detalhes bibliográficos
Autor principal: Hošek, Milan
Formato: Capítulo de Livro
Idioma:eslovaco
Assuntos:
Tags: Adicionar Tag
Sem tags, seja o primeiro a adicionar uma tag!

MARC

LEADER 00000naa a2200000 4500
001 0143349
005 20231019092031.4
041 0 |a slo 
044 |a SK 
245 1 0 |a "Bezcennosť" akcií nie je vyvolaná iba trhom  |b rozpoznať prvé príznaky nulovej hodnoty je pomerne jenoduché  |c Milan Hošek 
520 |a Korene vzniku slovenského špecifika "bezcenné cenné papiere" a história slovenského kapitálového trhu. Vznik bezcenných akcií a ich rozpoznanie. Obchodný register. Zoznam akcií s predpokladom určitej hodnoty. 
610 2 0 |a Slovensko 
610 2 0 |a trh kapitálový 
610 2 0 |a trh akciový 
610 2 0 |a akcie 
610 2 0 |a akcionári 
610 2 0 |a papiere cenné 
610 2 0 |a hodnota reálna 
610 2 0 |a emitenti 
610 2 0 |a firmy 
100 1 |a Hošek, Milan